000 00717nam a2200217 a 4500
999 _c10549
_d10549
001 10549
003 BD-JhCC
005 20180710104125.0
008 180710s2017 bg |||| |||| 000 0 ben d
035 _a(BD-JhCC)10549
040 _aBD-JhCC
_dBD-JhCC
041 _aben
082 _a891.4435
_bMAH 2017
100 _aমাহমুদ, ইফতেখার
245 _aহে দিগ্বিদিক, হে অদৃশ্য /
_cইফতেখার মাহমুদ
260 _aঢাকা :
_bচেতনায় ঐতিহ্য,
_c২০১৭.
300 _a৯৬ পৃ. :
_c২০ সেমি.
650 _aBengali Short story
650 _aছোট গল্প
942 _2ddc
_cBK